Estética hidrotermal (Registro nro. 24105)

Detalles MARC
000 -LEADER
fixed length control field 00737cam a2200217 4500
005 - DATE AND TIME OF LATEST TRANSACTION
control field 20250331185241.0
008 - FIXED-LENGTH DATA ELEMENTS--GENERAL INFORMATION
fixed length control field 080108s2007 sp 000 0 spa
020 ## - INTERNATIONAL STANDARD BOOK NUMBER
International Standard Book Number 84-96699-02-1
Canceled/invalid ISBN 84-96699-02-01
040 ## - CATALOGING SOURCE
Original cataloging agency CO-CtgCURN
Language of cataloging spa
Transcribing agency coctgcurn
082 04 - DEWEY DECIMAL CLASSIFICATION NUMBER
Classification number 646.726
Item number E79
245 00 - TITLE STATEMENT
Title Estética hidrotermal
Medium [Texto impreso] /
Statement of responsibility, etc. José Manuel Carbajo ... [et al.].
260 ## - PUBLICATION, DISTRIBUTION, ETC.
Place of publication, distribution, etc. [Madrid] :
Name of publisher, distributor, etc. Videocinco,
Date of publication, distribution, etc. [2007]
300 ## - PHYSICAL DESCRIPTION
Extent 313 páginas :
Other physical details ilustraciones en color ;
Dimensions 28 cm.
650 #0 - SUBJECT ADDED ENTRY--TOPICAL TERM
Topical term or geographic name entry element Cuidados de estética.
650 #0 - SUBJECT ADDED ENTRY--TOPICAL TERM
Topical term or geographic name entry element Belleza personal.
700 1# - ADDED ENTRY--PERSONAL NAME
Personal name Carbajo, José Manuel.
942 ## - ADDED ENTRY ELEMENTS (KOHA)
Institution code [OBSOLETE] MHC
Koha item type Libros
Classification part 646.726
Item part E79
Source of classification or shelving scheme Dewey Decimal Classification
956 ## - LOCAL ELECTRONIC LOCATION AND ACCESS (OCLC)
Host name 2
994 ## -
-- MONOMODERN
Existencias
Withdrawn status Lost status Source of classification or shelving scheme Damaged status Not for loan Collection Home library Current library Shelving location Date acquired Inventory number Total checkouts Full call number Barcode Date last seen Price effective from Koha item type Public note
    Dewey Decimal Classification     General Miguel Henríquez Emiliani Miguel Henríquez Emiliani General 03/31/2025 023472   646.726 E79 023472 03/31/2025 03/31/2025 Libros 640-ECODOM